000 01526cam a2200133 4500500
005 20260222000039.0
041 _afre
042 _adc
100 1 0 _aLecuit, Jean-Baptiste
_eauthor
245 0 0 _aLe désir de Dieu pour l'homme : Une réponse au problème de l’indifférence
260 _bÉditions du Cerf,
_c2017.
520 _aSi l’on peut parler d’un désir de Dieu inscrit dans le cœur de l’homme, qu’en est-il du côté de Dieu? Dieu désire-t-il entrer en communion avec chacun de nous? Y aurait-il du désir dans la Trinité sainte? Après avoir élaboré une nouvelle conception du désir, Jean Baptiste Lecuit s’interroge sur le désir de l’homme pour Dieu: en quoi consiste-t-il? Quel exaucement lui est-il offert? Par quelles voies ? Est-il naturel à tout être humain? En un renversement de perspective, l’auteur s’interroge aussi sur la possibilité que Dieu désire l’être humain et son salut. Il met au jour un courant ininterrompu de Pères de l’Église, de mystiques et de théologiens qui, malgré l’avis contraire d’Augustin et de Thomas d’Aquin, n’a cessé de reconnaître et d’annoncer un tel désir, de façon toujours plus insistante. Ce parcours passionnant dans la Tradition de l’Église débouche sur une réflexion justifiant l’attribution à Dieu d’un désir pour l’homme et montrant sa portée théologique et spirituelle.
856 4 1 _uhttps://shs.cairn.info/le-desir-de-dieu-pour-l-homme--9782204117562?lang=fr&redirect-ssocas=7080
999 _c1662435
_d1662435